[Event "Bremen-ch op"]
[Site "Bremen"]
[Date "2018.03.28"]
[Round "6"]
[White "Ungar, Benedict"]
[Black "Reif, Oliver"]
[Result "0-1"]
[WhiteElo "1718"]
[BlackElo "1633"]
[PlyCount "94"]
[EventDate "2018.03.24"]
[EventType "swiss"]
[EventRounds "9"]
[EventCountry "GER"]
[SourceTitle "EXT 2019"]
[Source "ChessBase"]
[SourceDate "2018.10.10"]
[SourceVersion "1"]
[SourceVersionDate "2018.10.10"]
[SourceQuality "1"]

1. Nf3 Nf6 2. g3 g6 3. b4 Bg7 4. Bb2 0-0 5. c4 d6 6. Bg2 c6 7. d3 Bg4 8. Nbd2 Qc8 9. h3 Bf5 10. g4 Nxg4 11. Bxg7 Nxf2 12. Kxf2 Kxg7 13. Qg1 e5 14. Qh2 Nd7 15. h4 Nf6 16. Bh3 Bxh3 17. Qxh3 Ng4+ 18. Ke1 h5 19. Ne4 Qd8 20. Nf2 Ne3 21. Kd2 Qb6 22. a3 Nxc4+ 23. dxc4 Qxf2 24. Rh2 Qb6 25. e3 c5 26. b5 Rad8 27. e4 Qa5+ 28. Ke2 Qc3 29. Rb1 Qxc4+ 30. Kd1 Qxe4 31. Nd2 Qg4+ 32. Qxg4 hxg4 33. h5 Rh8 34. h6+ Rxh6 35. Rxh6 Kxh6 36. Ke2 f5 37. Rh1+ Kg7 38. Nc4 b6 39. a4 d5 40. Rd1 d4 41. Rh1 d3+ 42. Kd2 Kf6 43. a5 g3 44. Nxb6 axb6 45. a6 Kg7 46. Rh3 f4 47. Rh1 e4 0-1

[Event "Bremen-ch op"]
[Site "Bremen"]
[Date "2018.03.25"]
[Round "3"]
[White "Reif, Oliver"]
[Black "Barseghyan, Suren"]
[Result "1-0"]
[WhiteElo "1633"]
[BlackElo "1321"]
[PlyCount "43"]
[EventDate "2018.03.24"]
[EventType "swiss"]
[EventRounds "9"]
[EventCountry "GER"]
[SourceTitle "EXT 2019"]
[Source "ChessBase"]
[SourceDate "2018.10.10"]
[SourceVersion "1"]
[SourceVersionDate "2018.10.10"]
[SourceQuality "1"]

1. Nc3 Nc6 2. d4 d5 3. Bf4 a6 4. e3 Bf5 5. a3 Nf6 6. Bd3 Ne4 7. Nge2 e6 8. Bxe4 Bxe4 9. Nxe4 dxe4 10. Nc3 Bd6 11. Bxd6 Qxd6 12. Nxe4 Qd5 13. Qd3 f5 14. Nc5 Qxg2 15. 0-0-0 Qxf2 16. Nxe6 Kd7 17. Rdf1 Qg2 18. Qxf5 Ne7 19. Nc5+ Kc6 20. Qe6+ Kb5 21. c4+ Ka5 22. b4# 1-0

[Event "Bremen-ch op"]
[Site "Bremen"]
[Date "2018.03.24"]
[Round "1"]
[White "Reif, Oliver"]
[Black "Gebur, Thomas"]
[Result "0-1"]
[WhiteElo "1633"]
[BlackElo "1889"]
[PlyCount "92"]
[EventDate "2018.03.24"]
[EventType "swiss"]
[EventRounds "9"]
[EventCountry "GER"]
[SourceTitle "EXT 2019"]
[Source "ChessBase"]
[SourceDate "2018.10.10"]
[SourceVersion "1"]
[SourceVersionDate "2018.10.10"]
[SourceQuality "1"]

1. Nc3 c5 2. d4 cxd4 3. Qxd4 Nc6 4. Qd1 e5 5. a3 Be7 6. g3 Nf6 7. Bg5 d6 8. Qd2 Qa5 9. Bxf6 gxf6 10. Nf3 Be6 11. Bg2 h5 12. 0-0 f5 13. Ng5 h4 14. Bxc6+ bxc6 15. Nxe6 fxe6 16. e4 fxe4 17. b4 Qc7 18. Nxe4 0-0-0 19. g4 Rhg8 20. Qe2 Rdf8 21. Rad1 Rf4 22. Qa6+ Kb8 23. f3 Rgf8 24. Rd3 Rd8 25. Kg2 Qb6 26. Qa4 Qb5 27. Qa5 Qxa5 28. bxa5 d5 29. Rb3+ Kc7 30. Nd2 Rd4 31. Nb1 Ra4 32. Re1 Kd6 33. Rbe3 Bf6 34. Nd2 Rb8 35. Nb3 Rxa3 36. f4 e4 37. g5 Bg7 38. Rh3 Ra2 39. Kh1 Rxc2 40. Rf1 Rb2 41. Nc1 Rb1 42. Rxh4 Bb2 43. Rh7 Rxc1 44. Rxc1 Bxc1 45. Rxa7 Bxf4 46. g6 e3 0-1